Journey after midnight : (Record no. 138312)

MARC details
000 -LEADER
fixed length control field 00619nam a22001937a 4500
005 - DATE AND TIME OF LATEST TRANSACTION
control field 20170322111828.0
010 ## - LCCN (DPL NO)
LC control number ENG-117515
020 ## - INTERNATIONAL STANDARD BOOK NUMBER
International Standard Book Number 9789386050458
Terms of availability 750.00
035 ## - SYSTEM CONTROL NUMBER
System control number EN-101047
037 ## - SOURCE OF ACQUISITION
Source of stock number/acquisition DBAD/PUB
082 ## - DEWEY DECIMAL CLASSIFICATION NUMBER
Classification number 971.105092
100 ## - MAIN ENTRY--PERSONAL NAME
Personal name Dosanjh, Ujjal
245 ## - TITLE STATEMENT
Title Journey after midnight :
Statement of responsibility, etc by Ujjal Dosanjh
Remainder of title India, Canada and the road beyond /
260 ## - PUBLICATION, DISTRIBUTION, ETC. (IMPRINT)
Place of publication, distribution, etc New Delhi
Name of publisher, distributor, etc Speaking Tiger Publishing
Date of publication, distribution, etc 2016
270 ## - ADDRESS
Address 4381 / 4 Ansari Road, Daryaganj
City New Delhi
Postal code 110002
300 ## - PHYSICAL DESCRIPTION
Extent x,398p.:
Other physical details 24cm(Hb)
Dimensions ill
500 ## - GENERAL NOTE
General note includes index
942 ## - ADDED ENTRY ELEMENTS (KOHA)
Source of classification or shelving scheme Dewey Decimal Classification
Item type English Books
Classification part 971.105092
Call number suffix DOS
Holdings
Withdrawn status Lost status Not for loan Collection code Home library Current library Date acquired Source of acquisition Cost, normal purchase price Full call number Barcode Copy number Cost, replacement price Koha item type
      Non-fiction Narela Narela 17/03/2017 DBAD/PUB 750.00 971.105092 DOS EN-101047 1 750.00 English Books

© Delhi Public Library
Hit Counter
free hit counter